| 000 | 00776nas a2200253 4500 | ||
|---|---|---|---|
| 001 | BR9705335 | ||
| 003 | BR-BrBNA | ||
| 005 | 20231205100627.0 | ||
| 007 | ta | ||
| 008 | 230509b bl.|||p| |||| 00| 00por d | ||
| 040 |
_aBR-BrBNA _bpor _cBiblioteca Nacional de Agricultura |
||
| 041 | _a(Pt) | ||
| 072 | _aF30 | ||
| 100 | 1 | _aSilveira, L.R.M. | |
| 100 | 1 | _aOliveira, J.C.P. | |
| 100 | 1 | _aMoraes, C.O.C. | |
| 100 | 1 | _aMarques, D.G. | |
| 245 | 1 | _aAnalise da diversidade genetica em acessos de Bromus auleticus Trinius | |
| 650 | _aGraminea Forrageira | ||
| 650 | _aMelhoramento Genetico Vegetal | ||
| 773 | 0 |
_tCiencia Rural (Brazil) _xISSN 0103-8478 _g(Jul-Aug 1997), v. 27(3) p. 381-385 _wBR9705335 |
|
| 909 |
_a202311 _bLúcia _c55 _dLúcia Elande |
||
| 942 |
_2AGRIS _n0 _cANA |
||
| 999 |
_c157089 _d157089 |
||